| 000 | 00488nam a2200193 a 4500 | ||
|---|---|---|---|
| 005 | 20140310183345.0 | ||
| 008 | 070208s19uu xx 00 eng d | ||
| 020 | _a1412909899 | ||
| 050 |
_aP 96.M4 _b.P68 2005 |
||
| 100 | _aPotter, James W. | ||
| 245 | _aMedia literacy. | ||
| 250 | _a3rd ed. | ||
| 260 |
_aThousand Oaks : _bSage Publications, _c2005. |
||
| 300 |
_a466 p.: _bill.; _c26 cm. |
||
| 521 | _aMC | ||
| 650 | _aMedia literacy. | ||
| 942 |
_cBK _2lcc _kFOR |
||
| 999 |
_c21920 _d21920 |
||